| 000 | 00655nam a22001937a 4500 | ||
|---|---|---|---|
| 999 |
_c15264 _d15264 |
||
| 003 | OSt | ||
| 082 | _2631.3 BAL/FA | ||
| 088 | _aP 22 | ||
| 100 |
_aBALAKRISHNAN A _93937 |
||
| 245 | _aFabrication and performance evaluation of a solar pond | ||
| 260 |
_aTavanur 1993 _bDepartment of Farm Power Machinery and Energy |
||
| 300 | _a46 | ||
| 500 | _aFabrication and performance evaluation of a solar pond | ||
| 520 | _aFabrication and performance evaluation of a solar pond | ||
| 700 |
_aKavitha K.S _93938 |
||
| 700 |
_aEr. V. R. Ramachandran (Guide) _93894 |
||
| 856 | _uhttps://drive.google.com/open?id=10yLIYmB0YuEfGPjgwDJ18i_c1lUZ3m8w | ||
| 942 | _cPR | ||